书目信息 |
| 题名: |
Origin 8.0实用教程
|
|
| 作者: | 肖信 编著 | |
| 分册: | ||
| 出版信息: | 北京 中国电力出版社 2009.02 |
|
| 页数: | 250页 | |
| 开本: | 26cm | |
| 丛书名: | ||
| 单 册: | ||
| 中图分类: | O245 | |
| 科图分类: | ||
| 主题词: | 数值计算--shu zhi ji suan--应用软件--教材 | |
| 电子资源: | ||
| ISBN: | 978-7-5083-8284-5 | |
| 000 | 00874nam0 2200241 450 | |
| 001 | 012009844561 | |
| 005 | 20091015151506.54 | |
| 010 | @a978-7-5083-8284-5@dCNY27.00 | |
| 100 | @a20091015d2009 em y0chiy0120 ea | |
| 101 | 0 | @achi |
| 102 | @aCN@b110000 | |
| 105 | @aa z 000yy | |
| 106 | @ar | |
| 200 | 1 | @aOrigin 8.0实用教程@AOrigin 8.0 shi yong jiao cheng@e科技作图与数据分析@f肖信编著@Fxiao xin bian zhu |
| 210 | @a北京@c中国电力出版社@d2009.02 | |
| 215 | @a250页@c图@d26cm | |
| 330 | @a本书主要按Origin基础、数据管理、科技作图、数据分析和自动化编程为系统框架,以模块功能为基础,结合实例,系统地介绍了本软件的使用。 | |
| 517 | 1 | @a科技作图与数据分析@Ake ji zuo tu yu shu ju fen xi |
| 606 | 0 | @a数值计算@Ashu zhi ji suan@x应用软件@j教材 |
| 690 | @aO245@v4 | |
| 701 | 0 | @a肖信@Axiao xin@4编著 |
| 801 | 0 | @aCN@bQSSK@c20091015 |
| 905 | @b761899-901@dO245@eX296@f3 | |
| Origin 8.0实用教程:科技作图与数据分析/肖信编著.-北京:中国电力出版社,2009.02 |
| 250页:图;26cm |
| ISBN 978-7-5083-8284-5:CNY27.00 |
| 本书主要按Origin基础、数据管理、科技作图、数据分析和自动化编程为系统框架,以模块功能为基础,结合实例,系统地介绍了本软件的使用。 |
| ● |
| 相关链接 |
|
|
|
正题名:Origin 8.0实用教程
索取号:O245/X296
 
预约/预借
| 序号 | 登录号 | 条形码 | 馆藏地/架位号 | 状态 | 备注 |
| 1 | 761899 | 207618997 | 自科库401/401自科库 50排2列4层/ [索取号:O245/X296] | 在馆 | |
| 2 | 761900 | 207619004 | 自科库401/401自科库 50排2列4层/ [索取号:O245/X296] | 在馆 | |
| 3 | 761901 | 207619013 | 自科库401/401自科库 50排2列4层/ [索取号:O245/X296] | 在馆 |